000
00320nam a2200133Ia 4500
008
220204s9999 xx 000 0 und d
020
_a
9788126439362
082
_a
82-31
_b
MEE
100
_a
MEERA, KR
245
0
_a
Aarachar (Malayalam)
260
_a
Kottayam
_b
DC Books
_c
2014
650
_a
Malayalam novel
942
_c
BK
999
_c
43159
_d
43159